<?xml version="1.0" encoding="UTF-8"?>
<record
    xmlns:xsi="http://www.w3.org/2001/XMLSchema-instance"
    xsi:schemaLocation="http://www.loc.gov/MARC21/slim http://www.loc.gov/standards/marcxml/schema/MARC21slim.xsd"
    xmlns="http://www.loc.gov/MARC21/slim">

  <leader>00754nam a22001697a 4500</leader>
  <datafield tag="999" ind1=" " ind2=" ">
    <subfield code="c">61036</subfield>
    <subfield code="d">61036</subfield>
  </datafield>
  <controlfield tag="005">20231211101626.0</controlfield>
  <controlfield tag="008">231211s1973    ru ||||| |||| 00| 0 rus d</controlfield>
  <datafield tag="041" ind1=" " ind2=" ">
    <subfield code="a">rus</subfield>
  </datafield>
  <datafield tag="080" ind1=" " ind2=" ">
    <subfield code="a">7.032(477+470.62/67) &#x421;-59</subfield>
  </datafield>
  <datafield tag="100" ind1=" " ind2=" ">
    <subfield code="a">&#x421;&#x43E;&#x43A;&#x43E;&#x43B;&#x43E;&#x432;, &#x413;.&#x418;. </subfield>
    <subfield code="9">20650</subfield>
  </datafield>
  <datafield tag="245" ind1=" " ind2=" ">
    <subfield code="a">&#x410;&#x43D;&#x442;&#x438;&#x447;&#x43D;&#x43E;&#x435; &#x41F;&#x440;&#x438;&#x447;&#x435;&#x440;&#x43D;&#x43E;&#x43C;&#x43E;&#x440;&#x44C;&#x435; :</subfield>
    <subfield code="b">&#x41F;&#x430;&#x43C;&#x44F;&#x442;&#x43D;&#x438;&#x43A;&#x438; &#x430;&#x440;&#x445;&#x438;&#x442;&#x435;&#x43A;&#x442;&#x443;&#x440;&#x44B;, &#x441;&#x43A;&#x443;&#x43B;&#x44C;&#x43F;&#x442;&#x443;&#x440;&#x44B;, &#x436;&#x438;&#x432;&#x43E;&#x43F;&#x438;&#x441;&#x438; &#x438; &#x43F;&#x440;&#x438;&#x43A;&#x43B;&#x430;&#x434;&#x43D;&#x43E;&#x433;&#x43E; &#x438;&#x441;&#x43A;&#x443;&#x441;&#x441;&#x442;&#x432;&#x430; /</subfield>
    <subfield code="c">&#x413;.&#x418;. &#x421;&#x43E;&#x43A;&#x43E;&#x43B;&#x43E;&#x432;.</subfield>
  </datafield>
  <datafield tag="264" ind1=" " ind2=" ">
    <subfield code="a">&#x41B;.:  </subfield>
    <subfield code="b">&#xAB;&#x410;&#x432;&#x440;&#x43E;&#x440;&#x430;&#xBB;.</subfield>
    <subfield code="c">1973. </subfield>
  </datafield>
  <datafield tag="300" ind1=" " ind2=" ">
    <subfield code="a">192 &#x441;.:</subfield>
    <subfield code="b">&#x438;&#x43B;.;</subfield>
    <subfield code="c">36 &#x441;&#x43C;.</subfield>
  </datafield>
  <datafield tag="653" ind1=" " ind2=" ">
    <subfield code="a">&#x10E3;&#x10EB;&#x10D5;&#x10D4;&#x10DA;&#x10D4;&#x10E1;&#x10D8; &#x10E8;&#x10D0;&#x10D5;&#x10D8; &#x10D6;&#x10E6;&#x10D5;&#x10D8;&#x10E1; &#x10E0;&#x10D4;&#x10D2;&#x10D8;&#x10DD;&#x10DC;&#x10D8;</subfield>
  </datafield>
  <datafield tag="653" ind1=" " ind2=" ">
    <subfield code="a">&#x10EE;&#x10D4;&#x10DA;&#x10DD;&#x10D5;&#x10DC;&#x10D4;&#x10D1;&#x10D8;&#x10E1; &#x10EB;&#x10D4;&#x10D2;&#x10DA;&#x10D4;&#x10D1;&#x10D8;</subfield>
  </datafield>
  <datafield tag="942" ind1=" " ind2=" ">
    <subfield code="2">udc</subfield>
    <subfield code="c">&#x1CAC;&#x1C98;&#x1C92;&#x1C9C;&#x1C98;</subfield>
  </datafield>
  <datafield tag="952" ind1=" " ind2=" ">
    <subfield code="0">0</subfield>
    <subfield code="1">0</subfield>
    <subfield code="2">udc</subfield>
    <subfield code="4">0</subfield>
    <subfield code="6">70324774706267_&#x421;59</subfield>
    <subfield code="7">0</subfield>
    <subfield code="9">97291</subfield>
    <subfield code="a">CPL</subfield>
    <subfield code="b">CPL</subfield>
    <subfield code="c">GEN</subfield>
    <subfield code="d">2023-12-11</subfield>
    <subfield code="g">12.00</subfield>
    <subfield code="o">7.032(477+470.62/67) &#x421;-59</subfield>
    <subfield code="p">65562</subfield>
    <subfield code="r">2023-12-11</subfield>
    <subfield code="t">65562</subfield>
    <subfield code="u">&#x10D1;&#x10E1;&#x10E3;-&#x10E1; &#x10E1;&#x10D0;&#x10DE;&#x10D0;&#x10E2;&#x10D8;&#x10DD; &#x10D3;&#x10DD;&#x10E5;&#x10E2;&#x10DD;&#x10E0;&#x10D8;&#x10E1; &#x10D2;&#x10E3;&#x10E0;&#x10D0;&#x10DB; &#x10DA;&#x10DD;&#x10E0;&#x10D7;&#x10E5;&#x10D8;&#x10E4;&#x10D0;&#x10DC;&#x10D8;&#x10EB;&#x10D8;&#x10E1; &#x10E1;&#x10D0;&#x10E9;&#x10E3;&#x10E5;&#x10D0;&#x10E0;&#x10D8;</subfield>
    <subfield code="w">2023-12-11</subfield>
    <subfield code="y">&#x1CAC;&#x1C98;&#x1C92;&#x1C9C;&#x1C98;</subfield>
    <subfield code="z">12 &#x10DA;.</subfield>
  </datafield>
</record>
